000 00935nam a2200289 i 4500
001 7567
003 KOSZ 005
005 20200630132816.0
008 070608s1972 pl a f |000 0 pol
015 _aPB 1972/9210
035 _a(OCoLC)838876327
040 _aWA N
_cWA N
_dKOSZ 005/EG
080 _a51
080 _a(075.8)
655 4 _aPodręczniki akademickie
710 2 _aPaństwowe Wydawnictwo Naukowe
_4pbl.
999 _c7567
_d7567
999 _bws
100 1 _aTarnawski, Eustachy
_d(1902-1992).
_eAutor
245 1 0 _aMatematyka :
_bdla studiów technicznych /
_cEustachy Tarnawski.
260 _aWarszawa :
_bPaństwowe Wydawnictwo Naukowe,
_c1972.
300 _a519, [1] s. :
_bil. ;
_c23 cm.
380 _aKsiążki.
504 _aBibliogr.
650 4 _aMatematyka
_xszkoły wyższe.
856 _uhttp://koha.tu.koszalin.pl/cgi-bin/koha/opac-detail.pl?biblionumber=7567
_yKatalog online BPK
942 _2UKD
_cKS